[Event "Team junior-boys chess final 2017"]
[Site "Sochi"]
[Date "2017.05.09"]
[Round "8.2"]
[White "Nesterov, Arseniy"]
[Black "Shubin, Kirill"]
[Result "1-0"]
[WhiteElo "2324"]
[BlackElo "2287"]
[PlyCount "49"]
[EventDate "2017.05.01"]

1. d4 e6 2. c4 Nf6 3. Nc3 Bb4 4. e3 O-O 5. Nf3 d5 6. Bd3 c5 7. O-O cxd4 8. exd4
dxc4 9. Bxc4 b6 10. Bg5 Bb7 11. Qe2 Nbd7 12. d5 exd5 13. Nxd5 Bxd5 14. Bxd5 Rc8
15. Rad1 Qc7 16. Bb3 Bc5 17. Ba4 Rfe8 18. Qd3 Re7 19. Qf5 Re6 20. Bb3 Re7 21.
Bf4 Qb7 22. Ng5 Rd8 23. Nxf7 Qe4 24. Qxe4 Nxe4 25. Nxd8+ 1-0

[Event "Team junior-boys chess final 2017"]
[Site "Sochi"]
[Date "2017.05.09"]
[Round "8.2"]
[White "Zemnitskiy, Alexander"]
[Black "Tsoi, Dmitry"]
[Result "0-1"]
[WhiteElo "2010"]
[BlackElo "2305"]
[PlyCount "60"]
[EventDate "2017.05.01"]

1. e4 c5 2. Nf3 d6 3. Bc4 Nf6 4. e5 dxe5 5. Nxe5 e6 6. Qe2 Bd6 7. f4 O-O 8. b3
a6 9. a4 b6 10. Bb2 Bb7 11. O-O Qe7 12. Na3 Nbd7 13. Rae1 Nd5 14. Bd3 Bb8 15.
Qg4 N7f6 16. Qh4 h6 17. Ng4 Nxg4 18. Qxg4 f5 19. Bxf5 Rxf5 20. Rxe6 Qf7 21. Rg6
Rf6 22. Bxf6 Nxf6 23. Qf5 Be4 24. Qc8+ Kh7 25. Rg3 Bxf4 26. Qxa8 Bxa8 27. Rxf4
Qd5 28. Nc4 Nh5 29. Nxb6 Qc6 30. Nxa8 Nxf4 0-1

[Event "Team junior-boys chess final 2017"]
[Site "Sochi"]
[Date "2017.05.09"]
[Round "8.2"]
[White "Murzin, Volodar"]
[Black "Postnikov, Roman"]
[Result "1-0"]
[WhiteElo "2315"]
[BlackElo "2082"]
[PlyCount "73"]
[EventDate "2017.05.01"]

1. e4 e6 2. d4 d5 3. Nc3 Bb4 4. e5 c5 5. a3 Bxc3+ 6. bxc3 Ne7 7. Qg4 cxd4 8.
Qxg7 Rg8 9. Qxh7 Qc7 10. Ne2 Nbc6 11. f4 dxc3 12. Qd3 Bd7 13. Nxc3 a6 14. h3
O-O-O 15. g4 Na5 16. Rg1 Nc4 17. Rg3 Nc6 18. Be2 Qa5 19. Kf1 Rdf8 20. Ne4 Qc7
21. Nf6 Rg6 22. g5 Ne7 23. Nxd7 Kxd7 24. h4 Nf5 25. Rh3 Rh8 26. h5 Rgg8 27. Rb1
b5 28. Bg4 Ne7 29. h6 Qc5 30. Be3 Nxe3+ 31. Qxe3 d4 32. Rd1 Qc4+ 33. Be2 Qxc2
34. Qxd4+ Nd5 35. Rc3 Qf5 36. Qa7+ Kd8 37. Qb8+ 1-0

[Event "Team junior-boys chess final 2017"]
[Site "Sochi"]
[Date "2017.05.09"]
[Round "8.2"]
[White "Ismagilov, Damir"]
[Black "Makoveev, Ilya"]
[Result "1/2-1/2"]
[WhiteElo "2132"]
[BlackElo "2246"]
[PlyCount "63"]
[EventDate "2017.05.01"]

1. c4 Nf6 2. Nc3 d5 3. cxd5 Nxd5 4. Nf3 g6 5. g3 Bg7 6. Bg2 O-O 7. O-O c5 8.
Qb3 Nb6 9. d3 Nc6 10. Be3 Nd4 11. Bxd4 cxd4 12. Na4 Be6 13. Qa3 Nxa4 14. Qxa4
Qb6 15. Qa3 Rac8 16. Qxe7 Rfe8 17. Qa3 Rc2 18. b3 Bd7 19. Rac1 Bf8 20. Qxf8+
Kxf8 21. Rxc2 Bc6 22. Rfc1 Kg7 23. Kf1 h6 24. Rc4 Bd5 25. Rc5 Qd6 26. R5c2 Qb6
27. Rc5 Qd6 28. R5c2 Qb6 29. Rc5 Qd6 30. R5c2 Qb6 31. Rc5 Qd6 32. R5c2 1/2-1/2

[Event "Team junior-boys chess final 2017"]
[Site "Sochi"]
[Date "2017.05.09"]
[Round "8.3"]
[White "Kuzmin, Roman"]
[Black "Grigoriants, Boris"]
[Result "1/2-1/2"]
[WhiteElo "1806"]
[BlackElo "1731"]
[PlyCount "109"]
[EventDate "2017.05.01"]

1. e4 d5 2. exd5 Nf6 3. Bb5+ Bd7 4. Be2 Nxd5 5. d4 g6 6. c4 Nb6 7. Nc3 Bc8 8.
c5 Nd5 9. Nf3 Bg7 10. O-O O-O 11. Bc4 c6 12. h3 h6 13. Qb3 Nxc3 14. bxc3 b5 15.
cxb6 axb6 16. Re1 Ba6 17. Bxa6 Rxa6 18. Bf4 Nd7 19. Re2 Nf6 20. Ne5 Qd5 21. Qb2
c5 22. Rd1 e6 23. g4 Rfa8 24. c4 Qd8 25. Qc1 g5 26. dxc5 Qe7 27. Be3 bxc5 28.
Qc2 Qc7 29. f4 Rxa2 30. Qxa2 Rxa2 31. Rxa2 Kh7 32. Rad2 Qb8 33. Nd7 Nxd7 34.
Rxd7 gxf4 35. Bxc5 f3 36. Bf2 Qf4 37. Re1 Be5 38. Rxe5 Qxe5 39. Rxf7+ Kg6 40.
Rxf3 Qe4 41. Rc3 Qb1+ 42. Kg2 Qe4+ 43. Kf1 Qb1+ 44. Be1 Qe4 45. c5 Qh1+ 46. Ke2
Qe4+ 47. Kd2 Qc6 48. Kc1 Kf6 49. Bd2 Kg6 50. Kd1 Qh1+ 51. Kc2 Qe4+ 52. Kb2 Qc6
53. h4 Qb7+ 54. Kc1 Qh1+ 55. Kc2 1/2-1/2

[Event "Team junior-boys chess final 2017"]
[Site "Sochi"]
[Date "2017.05.09"]
[Round "8.3"]
[White "Babayan, Arman S"]
[Black "Gavrilin, Roman"]
[Result "0-1"]
[WhiteElo "1746"]
[BlackElo "1668"]
[PlyCount "158"]
[EventDate "2017.05.01"]

1. e4 c5 2. c3 d5 3. exd5 Qxd5 4. d4 Nc6 5. Nf3 Bg4 6. Be2 cxd4 7. cxd4 e6 8.
Nc3 Bb4 9. O-O Qa5 10. Bd2 Qd8 11. Be3 Nf6 12. h3 Bh5 13. a3 Bd6 14. Qd2 O-O
15. Rad1 Nd5 16. Bg5 Be7 17. Bxe7 Ncxe7 18. Nxd5 Nxd5 19. Ne5 Bxe2 20. Qxe2 Rc8
21. f4 Ne7 22. g4 Qd5 23. Nf3 Qc4 24. Qf2 Rfd8 25. Rd2 Nd5 26. Ne5 Qb3 27. Nd3
Nf6 28. Re1 Qd5 29. Nb4 Qd6 30. Na2 Rc4 31. Nc3 Rxd4 32. Rxd4 Qxd4 33. Qxd4
Rxd4 34. f5 exf5 35. gxf5 Kf8 36. Re5 a6 37. Rc5 Ke7 38. Rc7+ Rd7 39. Rc4 Kd8
40. b4 Rd3 41. Kg2 Nd5 42. Nxd5 Rxd5 43. Rh4 Rxf5 44. Rxh7 g6 45. Rh4 Kc7 46.
Rc4+ Kd6 47. Rd4+ Rd5 48. Rf4 f5 49. a4 Ke5 50. Rf3 Rd4 51. Rb3 g5 52. a5 f4
53. b5 Ra4 54. Rc3 Rxa5 55. bxa6 bxa6 56. Rc6 Ra3 57. Rc5+ Kf6 58. Rc6+ Kf5 59.
Rc5+ Kg6 60. Rc8 Ra5 61. Rc6+ Kf5 62. Rc8 Ke4 63. Rc4+ Kd5 64. Rc8 Rc5 65. Rd8+
Kc4 66. Ra8 a5 67. Kf3 Kb4 68. h4 Rc3+ 69. Kg4 Rg3+ 70. Kf5 f3 71. Ke4 gxh4 72.
Rb8+ Kc3 73. Rh8 h3 74. Kf4 f2 75. Kxg3 f1=Q 76. Rc8+ Kd2 77. Rd8+ Qd3+ 78.
Rxd3+ Kxd3 79. Kxh3 a4 0-1

[Event "Team junior-boys chess final 2017"]
[Site "Sochi"]
[Date "2017.05.09"]
[Round "8.3"]
[White "Dotsenko, Makar"]
[Black "Terzyan, Nazar"]
[Result "0-1"]
[WhiteElo "1462"]
[BlackElo "1715"]
[PlyCount "68"]
[EventDate "2017.05.01"]

1. d4 Nf6 2. c4 e6 3. Nf3 b6 4. e3 Bb7 5. Bd3 d5 6. Nbd2 Be7 7. O-O O-O 8. b3
Ne4 9. Qc2 f5 10. Ne5 Nd7 11. Nxd7 Qxd7 12. Nf3 Bd6 13. Ne5 Bxe5 14. dxe5 Rad8
15. b4 d4 16. Re1 dxe3 17. Rxe3 f4 18. Rh3 Ng5 19. Bxh7+ Kh8 20. Rd3 Qc6 21. f3
Nxh7 22. Rxd8 Rxd8 23. Bxf4 Qd7 24. Be3 Qd3 25. Qxd3 Rxd3 26. Kf2 Nf8 27. Ke2
Rc3 28. c5 Ba6+ 29. Kf2 Rc2+ 30. Kg3 Bc4 31. cxb6 cxb6 32. a3 Ng6 33. Bd4 Ne7
34. Rb1 Nf5+ 0-1

[Event "Team junior-boys chess final 2017"]
[Site "Sochi"]
[Date "2017.05.09"]
[Round "8.3"]
[White "Kalaychev, Nodis"]
[Black "Kopylov, Artem"]
[Result "1-0"]
[WhiteElo "1490"]
[BlackElo "1481"]
[PlyCount "57"]
[EventDate "2017.05.01"]

1. e4 c5 2. c3 d5 3. exd5 Qxd5 4. d4 Nc6 5. Nf3 Bg4 6. Be2 e6 7. O-O Nf6 8. Bf4
Be7 9. Na3 a6 10. Nc4 Qd8 11. Be3 cxd4 12. cxd4 O-O 13. Nfe5 Bxe2 14. Qxe2 Rc8
15. Qf3 Nd5 16. Qg4 Nxe3 17. fxe3 Nxe5 18. Nxe5 Bf6 19. Nd3 Kh8 20. Nf4 Bg5 21.
Rf3 Bxf4 22. Qxf4 Qc7 23. Qe4 Qc6 24. Qg4 Qc2 25. Raf1 Qe2 26. Qe4 Rc2 27. R3f2
Rfc8 28. Rxe2 Rxe2 29. Qxb7 1-0

[Event "Team junior-boys chess final 2017"]
[Site "Sochi"]
[Date "2017.05.09"]
[Round "8.4"]
[White "Kuznetsov, Sergey"]
[Black "Mochalin, Faddey"]
[Result "0-1"]
[WhiteElo "1517"]
[BlackElo "1994"]
[PlyCount "102"]
[EventDate "2017.05.01"]

1. e4 e6 2. d4 d5 3. Nd2 Be7 4. Bd3 c5 5. dxc5 Nf6 6. Qe2 O-O 7. Ngf3 Nc6 8.
Nb3 dxe4 9. Bxe4 Qc7 10. O-O Na5 11. Nxa5 Qxa5 12. c6 Nxe4 13. Qxe4 Qb6 14. Be3
Qxc6 15. Qxc6 bxc6 16. b3 Bb7 17. Rad1 Rfd8 18. c4 c5 19. Ne5 f6 20. Nd7 Rdc8
21. Rd2 Rc7 22. Rfd1 Bc8 23. Bf4 e5 24. Bg3 Kf7 25. f4 Ke8 26. Nxe5 fxe5 27.
fxe5 Be6 28. Bf2 Rcc8 29. Rd5 Bxd5 30. cxd5 Kd7 31. e6+ Kc7 32. Bg3+ Bd6 33.
Bh4 Rf8 34. g4 Rae8 35. Rc1 Rf4 36. h3 Rf3 37. b4 c4 38. Rxc4+ Kb7 39. Bf2 Ref8
40. Bc5 Rg3+ 41. Kh1 Rf1+ 42. Kh2 Rxg4+ 43. Bxd6 Rxc4 44. e7 Re4 45. Bc5 Kc8
46. d6 Kd7 47. a4 Rf3 48. Kg2 Rb3 49. b5 Re2+ 50. Kf1 Rc2 51. Bf2 Rf3 0-1

[Event "Team junior-boys chess final 2017"]
[Site "Sochi"]
[Date "2017.05.09"]
[Round "8.4"]
[White "Bobkov, Vadim"]
[Black "Sargsyan, Anatoly"]
[Result "1-0"]
[WhiteElo "1894"]
[BlackElo "1702"]
[PlyCount "67"]
[EventDate "2017.05.01"]

1. d4 Nf6 2. c4 c5 3. dxc5 e6 4. g3 Nc6 5. Bg2 Bxc5 6. Nc3 O-O 7. Nf3 a6 8. O-O
Qe7 9. a3 d6 10. b4 Bb6 11. Bg5 Rd8 12. Ne4 e5 13. Bh4 Bf5 14. Nxf6+ gxf6 15.
e3 Be4 16. Nd2 Bxg2 17. Kxg2 d5 18. cxd5 Rxd5 19. Qg4+ Kh8 20. Ne4 Rd6 21. Nxd6
Qxd6 22. Rfd1 Qe6 23. Qxe6 fxe6 24. Bxf6+ Kg8 25. Rd7 Rb8 26. Rg7+ Kf8 27. Rxh7
Kg8 28. Rh8+ Kf7 29. Rxb8 Nxb8 30. Bxe5 Nc6 31. Bc3 Ne7 32. e4 Nc6 33. Rd1 Ke7
34. h4 1-0

[Event "Team junior-boys chess final 2017"]
[Site "Sochi"]
[Date "2017.05.09"]
[Round "8.4"]
[White "Pristavka, Petr"]
[Black "Bratchikov, Vladislav"]
[Result "0-1"]
[WhiteElo "1511"]
[BlackElo "1894"]
[PlyCount "88"]
[EventDate "2017.05.01"]

1. d4 d5 2. Bf4 Nf6 3. e3 c5 4. c3 Nc6 5. Nf3 Qb6 6. Qb3 c4 7. Qxb6 axb6 8.
Nbd2 b5 9. Be2 h6 10. O-O Bf5 11. h3 b4 12. Rfc1 e6 13. Bd1 bxc3 14. bxc3 Ba3
15. Rcb1 Bxb1 16. Rxb1 Ra7 17. Ne5 Ke7 18. Nxc6+ bxc6 19. Nf3 Bd6 20. Ne5 Bxe5
21. Bxe5 Rg8 22. a4 Ne4 23. Rb6 Nxc3 24. Bc2 Rc8 25. Bb8 Ra8 26. Rb7+ Kf8 27.
Ba7 Kg8 28. Kf1 f5 29. a5 Nb5 30. Bb6 Na3 31. Ba4 c3 32. Ke1 Nc4 33. Rc7 Rxc7
34. Bxc7 Nxa5 35. Kd1 Nc4 36. Bb3 Nd2 37. Kc2 Nxb3 38. Kxb3 c2 39. Kxc2 Ra2+
40. Kc1 Kf7 41. Bd6 Ke8 42. Bb4 Ra1+ 43. Kc2 Ra2+ 44. Kd3 Rxf2 0-1

[Event "Team junior-boys chess final 2017"]
[Site "Sochi"]
[Date "2017.05.09"]
[Round "8.4"]
[White "Morgachev, Sergey"]
[Black "Gubarev, Vladislav"]
[Result "1/2-1/2"]
[WhiteElo "1814"]
[BlackElo "1399"]
[PlyCount "87"]
[EventDate "2017.05.01"]

1. d4 d5 2. c4 c6 3. Nf3 Nf6 4. e3 Bg4 5. h3 Bh5 6. g4 Bg6 7. Ne5 Be4 8. f3 Bg6
9. Nd2 Nbd7 10. Nxg6 hxg6 11. Bg2 Qc7 12. O-O e6 13. e4 dxc4 14. Nxc4 Nb6 15.
Nxb6 Qxb6 16. Rf2 O-O-O 17. Be3 e5 18. Rd2 Bb4 19. Rd3 exd4 20. Bg5 Qb5 21. f4
Rd7 22. a3 Be7 23. b4 Ng8 24. Bxe7 Nxe7 25. Rb1 Kb8 26. a4 Qb6 27. b5 c5 28.
Ra3 Qa5 29. Rc1 Qb4 30. Raa1 c4 31. Rab1 Qc5 32. Kh2 c3 33. Qd3 Rc8 34. Rc2 Qc4
35. Bf1 Qxa4 36. Rd1 Qa5 37. Qg3 Qc7 38. Bd3 f6 39. Rf1 Rf8 40. Kg2 Ka8 41. Ra2
Qd6 42. Rfa1 Nc8 43. Rf1 Nb6 44. Rfa1 1/2-1/2

[Event "Team junior-boys chess final 2017"]
[Site "Sochi"]
[Date "2017.05.09"]
[Round "8.5"]
[White "Stukan, Martin"]
[Black "Kytin, Makar"]
[Result "1-0"]
[WhiteElo "1972"]
[BlackElo "2120"]
[PlyCount "115"]
[EventDate "2017.05.01"]

1. e4 e5 2. Nf3 Nc6 3. Nc3 Nf6 4. Bb5 Bb4 5. Bxc6 dxc6 6. d3 Bg4 7. h3 Bxf3 8.
Qxf3 Qe7 9. Bg5 Qc5 10. O-O O-O-O 11. Be3 Qa5 12. Ne2 Bd2 13. Ng3 Bxe3 14. Qxe3
Nd7 15. a3 f6 16. b4 Qb6 17. Qd2 Nf8 18. a4 Ne6 19. b5 g6 20. Rfb1 h5 21. h4
Qc5 22. Ra2 Rdf8 23. Rab2 b6 24. Rb4 Qd6 25. bxc6 Qxc6 26. a5 Nd4 27. Rc4 Qd6
28. axb6 axb6 29. Ne2 Nxe2+ 30. Qxe2 g5 31. Qe3 Kb7 32. d4 exd4 33. Rxd4 Qc5
34. Qd3 gxh4 35. Rc4 Qe5 36. Qd7 Qd6 37. Qxd6 cxd6 38. Rcb4 Re8 39. Rxb6+ Kc7
40. R6b4 Rc8 41. Rb7+ Kc6 42. f3 Rhg8 43. Kh2 Rg5 44. R7b6+ Kd7 45. Rd1 Rxc2
46. Rbxd6+ Ke7 47. Rd7+ Ke6 48. R1d6+ Ke5 49. Rd5+ Kf4 50. Rxg5 fxg5 51. Rf7+
Ke3 52. e5 g4 53. e6 g3+ 54. Kh3 Kf2 55. Ra7 Rc1 56. Ra2+ Ke3 57. Kxh4 Kf4 58.
Kxh5 1-0

[Event "Team junior-boys chess final 2017"]
[Site "Sochi"]
[Date "2017.05.09"]
[Round "8.5"]
[White "Babakekhyan, Artem"]
[Black "Tsvetkov, Andrey"]
[Result "0-1"]
[WhiteElo "1924"]
[BlackElo "2066"]
[PlyCount "136"]
[EventDate "2017.05.01"]

1. Nf3 d5 2. g3 c6 3. Bg2 Bg4 4. O-O Nd7 5. d3 e5 6. Nbd2 Ngf6 7. b3 Bd6 8. Bb2
O-O 9. c4 e4 10. dxe4 dxe4 11. Ng5 e3 12. fxe3 Qe7 13. Nde4 Nxe4 14. Nxe4 Bc7
15. Kh1 Rad8 16. Qc2 Bh5 17. Nc3 Qxe3 18. Rad1 Bg6 19. Qc1 Qe6 20. e4 Ne5 21.
Qc2 h6 22. Ne2 Rxd1 23. Rxd1 Ng4 24. Nf4 Bxf4 25. gxf4 Bxe4 26. Bxe4 Qxe4+ 27.
Qxe4 Nf2+ 28. Kg2 Nxe4 29. Kf3 f5 30. Rd7 Rf7 31. Rd8+ Kh7 32. Be5 Kg6 33. h3
Re7 34. b4 Kf7 35. c5 Ke6 36. Ke3 Nf6 37. Kf3 Ne4 38. Ke3 a6 39. a4 g5 40. Rh8
Kd5 41. Rd8+ Kc4 42. Rd4+ Kb3 43. a5 Nf6 44. Rd6 Nd7 45. Kf3 Nxe5+ 46. fxe5
Rxe5 47. Rxh6 Kxb4 48. Rg6 g4+ 49. hxg4 fxg4+ 50. Rxg4+ Kxa5 51. Rg7 Kb5 52.
Rxb7+ Kxc5 53. Kf4 Re1 54. Rb2 Kd4 55. Rd2+ Kc3 56. Rd6 c5 57. Rxa6 c4 58. Rc6
Kb3 59. Rb6+ Kc2 60. Kf3 c3 61. Kf2 Re8 62. Rc6 Kb2 63. Rb6+ Kc1 64. Rc6 c2 65.
Rc7 Re5 66. Kf3 Kb2 67. Kf4 Re1 68. Rb7+ Ka3 0-1

[Event "Team junior-boys chess final 2017"]
[Site "Sochi"]
[Date "2017.05.09"]
[Round "8.5"]
[White "Perov, German"]
[Black "Grachev, Alexey"]
[Result "1-0"]
[WhiteElo "1944"]
[BlackElo "2147"]
[PlyCount "81"]
[EventDate "2017.05.01"]

1. e4 c5 2. d4 cxd4 3. c3 dxc3 4. Nxc3 Nc6 5. Nf3 e6 6. Bc4 Qc7 7. Qe2 a6 8.
O-O Nge7 9. Rd1 d6 10. Ng5 h6 11. Qh5 g6 12. Qh4 Bg7 13. Nh3 Nd4 14. Bd3 g5 15.
Qg3 Be5 16. f4 gxf4 17. Bxf4 Rg8 18. Qf2 Ng6 19. Bxh6 Nh4 20. Bg5 Ndf3+ 21.
gxf3 Bd4 22. Bb5+ axb5 23. Rxd4 Qc5 24. Kh1 Nxf3 25. Qxf3 Qxd4 26. Nxb5 Qc5 27.
Qf6 Rxg5 28. Qxg5 Qc6 29. Nc3 b6 30. Rf1 Kf8 31. Qd8+ Qe8 32. Qxd6+ Qe7 33. Qe5
Ke8 34. Nb5 Ra5 35. Qh8+ Kd7 36. Rd1+ Kc6 37. Qxc8+ Kxb5 38. b3 Ra3 39. Qc4+
Ka5 40. Rd4 f5 41. b4+ 1-0

[Event "Team junior-boys chess final 2017"]
[Site "Sochi"]
[Date "2017.05.09"]
[Round "8.5"]
[White "Minachev, Maksim"]
[Black "Tarasov, Danila"]
[Result "1-0"]
[WhiteElo "1956"]
[BlackElo "1744"]
[PlyCount "115"]
[EventDate "2017.05.01"]

1. d4 d5 2. Nf3 Nc6 3. g3 Bg4 4. Bg2 Qd7 5. c4 dxc4 6. d5 O-O-O 7. Nc3 Bxf3 8.
Bxf3 Ne5 9. Bg2 e6 10. Qd4 Nc6 11. Qxc4 Nb4 12. O-O exd5 13. Qb3 d4 14. a3 Nc6
15. Nb5 Bc5 16. Bf4 Bb6 17. Rac1 Nge7 18. Bxc7 Qe6 19. Qxe6+ fxe6 20. Bxd8 Rxd8
21. a4 Kb8 22. Na3 Bc7 23. Nc4 Nd5 24. Rfd1 e5 25. Nd2 Ncb4 26. Ne4 Nf6 27. Nc5
Nbd5 28. Ne6 Rd7 29. Nxc7 Rxc7 30. Rxc7 Kxc7 31. Rc1+ Kb6 32. Rc4 a5 33. Bxd5
Nxd5 34. Kf1 Nb4 35. h4 Nc6 36. Ke1 Kc7 37. Rc5 b6 38. Rb5 d3 39. Rb3 dxe2 40.
Rc3 Kd6 41. Kxe2 Ne7 42. Rb3 Nd5 43. Kd3 g6 44. Kc4 Ke6 45. Rb5 Ne7 46. Rxb6+
Kf5 47. b4 Ke4 48. bxa5 Kf3 49. Rf6+ Nf5 50. a6 Kxf2 51. a7 e4 52. g4 e3 53.
gxf5 e2 54. fxg6+ Kg1 55. Re6 h5 56. g7 Kf1 57. a8=Q e1=Q 58. Qh1+ 1-0

[Event "Team junior-boys chess final 2017"]
[Site "Sochi"]
[Date "2017.05.10"]
[Round "9.1"]
[White "Kytin, Makar"]
[Black "Murtazin, Ruslan"]
[Result "0-1"]
[WhiteElo "2120"]
[BlackElo "2411"]
[PlyCount "64"]
[EventDate "2017.05.01"]

1. e4 c5 2. Nf3 e6 3. d4 cxd4 4. Nxd4 a6 5. Bd3 Bc5 6. Nb3 Be7 7. O-O Nc6 8.
Be3 Nf6 9. f4 d6 10. Qf3 O-O 11. a4 e5 12. Nc3 Nb4 13. a5 Bg4 14. Qg3 Be6 15.
Bb6 Qc8 16. f5 Nxd3 17. Qxd3 Bc4 18. Qf3 Bxf1 19. Rxf1 Qc4 20. Nd2 Qb4 21. b3
Rac8 22. Nc4 Rxc4 23. bxc4 Qxc4 24. Rd1 Rc8 25. Rd3 Bd8 26. g4 Bxb6+ 27. axb6
h6 28. h4 d5 29. Nxd5 Nxd5 30. Rxd5 Qxc2 31. Rxe5 Qb1+ 32. Kg2 Qb2+ 0-1

[Event "Team junior-boys chess final 2017"]
[Site "Sochi"]
[Date "2017.05.10"]
[Round "9.1"]
[White "Ismailov, Amir"]
[Black "Babakekhyan, Artem"]
[Result "1-0"]
[WhiteElo "1897"]
[BlackElo "1924"]
[PlyCount "99"]
[EventDate "2017.05.01"]

1. Nf3 Nf6 2. g3 g6 3. Bg2 Bg7 4. O-O O-O 5. d4 d5 6. Nbd2 c5 7. dxc5 Qc7 8. c3
Qxc5 9. Nb3 Qd6 10. Bf4 Qd8 11. Nbd4 Ne4 12. Nb5 Na6 13. Ng5 Nxg5 14. Bxg5 h6
15. Be3 e6 16. Qd2 Kh7 17. Rfd1 Bd7 18. a4 Bxb5 19. axb5 Nc7 20. Qd3 Qd7 21. c4
Rfd8 22. Rxa7 Rxa7 23. Bxa7 d4 24. Bb6 e5 25. Bxb7 Rb8 26. Bc6 Qe7 27. Ba7 Rd8
28. b6 Ne6 29. b7 Nc5 30. Qa3 e4 31. Qxc5 Qxc5 32. Bxc5 d3 33. exd3 exd3 34.
Rxd3 Rxd3 35. b8=Q h5 36. Be4 Rd7 37. Bf8 Bf6 38. Qf4 Bg7 39. Bxg7 Kxg7 40. b4
h4 41. Qxh4 Rd4 42. Qf4 Rxc4 43. b5 Rb4 44. Qe5+ Kg8 45. Bd5 Rb1+ 46. Kg2 Rb4
47. Qe8+ Kg7 48. Qxf7+ Kh6 49. Qf8+ Kg5 50. Qxb4 1-0

[Event "Team junior-boys chess final 2017"]
[Site "Sochi"]
[Date "2017.05.10"]
[Round "9.1"]
[White "Grachev, Alexey"]
[Black "Garifzyanov, Niyaz"]
[Result "1-0"]
[WhiteElo "2147"]
[BlackElo "1874"]
[PlyCount "105"]
[EventDate "2017.05.01"]

1. e4 c6 2. d4 d5 3. Bd3 dxe4 4. Bxe4 Nf6 5. Bf3 Bf5 6. Ne2 e6 7. O-O Bd6 8.
Nd2 Nbd7 9. Nc4 Bc7 10. Re1 Nb6 11. Nxb6 Bxb6 12. Bf4 O-O 13. c3 Bc7 14. Bxc7
Qxc7 15. Ng3 Bg6 16. Qb3 Rfe8 17. a4 Rab8 18. Nf1 Bh5 19. Bxh5 Nxh5 20. Ne3 Nf6
21. Qc4 Rbc8 22. Rad1 Qa5 23. b4 Qc7 24. h3 h6 25. a5 e5 26. dxe5 Rxe5 27. Nc2
Rce8 28. Rxe5 Rxe5 29. Ne3 Qe7 30. a6 c5 31. bxc5 bxa6 32. c6 Rc5 33. Qb4 Qe5
34. Nc4 Qh5 35. Rd8+ Kh7 36. Qb1+ Qg6 37. Qb8 Qc2 38. Rh8+ Kg6 39. Qg3+ Rg5 40.
Ne5+ Kf5 41. c7 Rxg3 42. c8=Q+ Kxe5 43. fxg3 Qd3 44. Rd8 Qe3+ 45. Kh2 Qb6 46.
Rd2 Qb5 47. c4 Qb4 48. Re2+ Kd4 49. Qd8+ Kxc4 50. Rc2+ Kb5 51. Qb8+ Ka4 52.
Ra2+ Kb3 53. Rb2+ 1-0

[Event "Team junior-boys chess final 2017"]
[Site "Sochi"]
[Date "2017.05.10"]
[Round "9.1"]
[White "Galiev, Irek"]
[Black "Minachev, Maksim"]
[Result "1-0"]
[WhiteElo "1866"]
[BlackElo "1956"]
[PlyCount "99"]
[EventDate "2017.05.01"]

1. d4 d5 2. Nf3 Nf6 3. c4 e6 4. e3 Be7 5. Nbd2 O-O 6. Bd3 c5 7. dxc5 Bxc5 8.
O-O Nc6 9. a3 a5 10. Qc2 Bd6 11. cxd5 exd5 12. Nb3 Be6 13. Nc5 Qe7 14. Nxe6
fxe6 15. e4 Ne5 16. Nxe5 Bxe5 17. Qe2 dxe4 18. Bxe4 Nxe4 19. Qxe4 Bf6 20. Rb1
Rfd8 21. Be3 Rd5 22. h3 Rc8 23. Rfc1 Rxc1+ 24. Rxc1 Qd7 25. Qc2 Bd8 26. a4 b5
27. b3 b4 28. Qc4 h6 29. Kf1 Rd1+ 30. Ke2 Rxc1 31. Bxc1 Bb6 32. f4 Kh8 33. g3
Qd6 34. Bb2 Bc5 35. Qe4 Qa6+ 36. Ke1 Qd6 37. Qe5 Qe7 38. Ke2 Bb6 39. Qb8+ Bd8
40. Bd4 Kh7 41. Qa7 Qf8 42. Qd7 Bf6 43. Qxe6 Bxd4 44. Qe4+ Kh8 45. Qxd4 Qc8 46.
Kf3 Qc2 47. Qd8+ Kh7 48. Qd5 Qc3+ 49. Kg4 Qc8+ 50. Qf5+ 1-0

[Event "Team junior-boys chess final 2017"]
[Site "Sochi"]
[Date "2017.05.10"]
[Round "9.2"]
[White "Mochalin, Faddey"]
[Black "Stukan, Martin"]
[Result "1-0"]
[WhiteElo "1994"]
[BlackElo "1972"]
[PlyCount "71"]
[EventDate "2017.05.01"]

1. d4 Nf6 2. c4 e6 3. Nf3 d5 4. Nc3 Be7 5. Bf4 O-O 6. e3 Nbd7 7. h3 b6 8. cxd5
exd5 9. Rc1 Bb7 10. Bd3 c5 11. O-O Ne4 12. dxc5 Ndxc5 13. Nd4 Bf6 14. Bb1 Qd7
15. Qc2 g6 16. Rfd1 Rac8 17. Qe2 Nxc3 18. Rxc3 Ne6 19. Qg4 Rxc3 20. bxc3 Bg7
21. Bd3 Rc8 22. Bb5 Qe7 23. Nxe6 fxe6 24. e4 Rxc3 25. Ba4 Rc4 26. Bb3 Rxe4 27.
Qg3 Ba6 28. Rc1 Qb4 29. Bd6 Re1+ 30. Kh2 Qd2 31. Rc7 Qd3 32. Rc8+ Kf7 33. Qh4
Be5+ 34. Bxe5 Bxc8 35. Qxh7+ Ke8 36. Bd6 1-0

[Event "Team junior-boys chess final 2017"]
[Site "Sochi"]
[Date "2017.05.10"]
[Round "9.2"]
[White "Tsvetkov, Andrey"]
[Black "Bobkov, Vadim"]
[Result "1/2-1/2"]
[WhiteElo "2066"]
[BlackElo "1894"]
[PlyCount "43"]
[EventDate "2017.05.01"]

1. d4 d5 2. Nf3 Nf6 3. g3 c5 4. Bg2 Nc6 5. O-O Bg4 6. Ne5 cxd4 7. Nxg4 Nxg4 8.
e3 Nf6 9. exd4 e6 10. b3 Rc8 11. Bb2 Qb6 12. c3 Be7 13. Nd2 O-O 14. Qe2 Rfd8
15. Rfd1 Qa5 16. a4 Qb6 17. Qb5 Na5 18. Rac1 Qc7 19. Qe2 Qb6 20. Qb5 Qc7 21.
Qe2 Qb6 22. Qb5 1/2-1/2

[Event "Team junior-boys chess final 2017"]
[Site "Sochi"]
[Date "2017.05.10"]
[Round "9.2"]
[White "Bratchikov, Vladislav"]
[Black "Perov, German"]
[Result "1/2-1/2"]
[WhiteElo "1894"]
[BlackElo "1944"]
[PlyCount "30"]
[EventDate "2017.05.01"]

1. d4 d5 2. Nf3 Nf6 3. Bf4 e6 4. e3 c5 5. c3 Nc6 6. h3 Bd6 7. Bxd6 Qxd6 8. Nbd2
O-O 9. Bd3 cxd4 10. exd4 h6 11. O-O Re8 12. Re1 Rf8 13. Rf1 Re8 14. Re1 Rf8 15.
Rf1 Re8 1/2-1/2

[Event "Team junior-boys chess final 2017"]
[Site "Sochi"]
[Date "2017.05.10"]
[Round "9.2"]
[White "Tarasov, Danila"]
[Black "Morgachev, Sergey"]
[Result "0-1"]
[WhiteElo "1744"]
[BlackElo "1814"]
[PlyCount "118"]
[EventDate "2017.05.01"]

1. Nc3 c5 2. Nf3 Nc6 3. d4 cxd4 4. Nxd4 g6 5. e4 Bg7 6. Be3 Nf6 7. f3 O-O 8.
Bc4 Qb6 9. O-O Ng4 10. fxg4 Bxd4 11. Bxd4 Qxd4+ 12. Qxd4 Nxd4 13. Nd5 Nc6 14.
Rf2 d6 15. Raf1 Be6 16. g5 Rac8 17. Bb3 b6 18. c3 Bxd5 19. Bxd5 Ne5 20. Rd1 Rc5
21. h4 Kg7 22. Rc2 Rd8 23. b4 Rc7 24. Bb3 Rdc8 25. Rdc1 b5 26. Kh2 Nd3 27. Rf1
Ne5 28. Rfc1 a6 29. Kg3 Nd3 30. Rf1 e6 31. Rf3 Nxb4 32. Rd2 Rxc3 33. Rxd6 Rxf3+
34. gxf3 Rc6 35. Rd7 Nc2 36. Kf4 Na3 37. Ke5 Nc4+ 38. Kd4 Nd2 39. f4 Nxb3+ 40.
axb3 Rc1 41. Ra7 Rc6 42. Ra8 b4 43. Rb8 a5 44. Ra8 Rc3 45. Rxa5 Rxb3 46. Rb5
Rb1 47. f5 gxf5 48. exf5 exf5 49. Rxf5 Rc1 50. Kd3 b3 51. Rb5 Rh1 52. Kc3 Rxh4
53. Kxb3 Rd4 54. Kc3 Rd7 55. Re5 Kg6 56. Kc4 Rd1 57. Rb5 Rg1 58. Kd4 Rxg5 59.
Rb8 Kf5 0-1

[Event "Team junior-boys chess final 2017"]
[Site "Sochi"]
[Date "2017.05.10"]
[Round "9.3"]
[White "Grigoriants, Boris"]
[Black "Kuznetsov, Sergey"]
[Result "0-1"]
[WhiteElo "1731"]
[BlackElo "1517"]
[PlyCount "96"]
[EventDate "2017.05.01"]

1. e4 e6 2. d3 d5 3. Nd2 c5 4. Ngf3 Nc6 5. g3 Nge7 6. Bg2 g6 7. O-O Bg7 8. Re1
b6 9. e5 Ba6 10. Nf1 h6 11. h4 Qc7 12. Qe2 Bb7 13. Bf4 O-O-O 14. c3 Kb8 15. d4
cxd4 16. cxd4 Nf5 17. Qd2 Rdg8 18. Ne3 Bf8 19. a3 Ncxd4 20. Nxd4 Nxd4 21. Qxd4
g5 22. b4 gxf4 23. Qxf4 h5 24. Rac1 Qe7 25. Qd4 Bg7 26. Qf4 Bh6 27. Qd4 Bg7 28.
Qf4 Bh6 29. Qd4 Rg6 30. Rc2 Rd8 31. Rd1 Rd7 32. Rd3 Qd8 33. Bf3 Qh8 34. Rdc3
Bg7 35. Nc4 Rd8 36. Qf4 dxc4 37. Bxb7 Bxe5 38. Qxf7 Rf6 39. Qe7 Bd6 40. Qxd8+
Qxd8 41. Be4 b5 42. a4 Bxb4 43. Re3 Bc5 44. Ree2 c3 45. axb5 Bd4 46. Ra2 Qb6
47. Bd3 Qd6 48. Kg2 Bxf2 0-1